| 000 | 00410cam a2200157Ii 4500 | ||
|---|---|---|---|
| 020 | _a0700704442 | ||
| 020 | _a0700704450 | ||
| 040 | _cPUL | ||
| 082 | _a508 NOR 1997 A058 Or. | ||
| 245 | 0 | 0 |
_aJapanese images of nature : _bcultural perspectives / |
| 300 |
_a290 pages : _billustrations ; _c22 cm |
||
| 650 | 0 | _aPhilosophy of nature | |
| 700 | 1 | _aAsquith, Pamela J., | |
| 700 | 1 | _aKalland, Arne | |
| 942 | _cEK | ||
| 999 |
_c14433 _d14433 |
||